Alfred and Emily / (Record no. 328613)
[ view plain ]
| 000 -LEADER | |
|---|---|
| fixed length control field | 01609cam a2200373 a 4500 |
| 001 - CONTROL NUMBER | |
| control field | 15264433 |
| 003 - CONTROL NUMBER IDENTIFIER | |
| control field | Nust |
| 005 - DATE AND TIME OF LATEST TRANSACTION | |
| control field | 20170412135515.0 |
| 008 - FIXED-LENGTH DATA ELEMENTS--GENERAL INFORMATION | |
| fixed length control field | 080416s2008 nyua 000 1deng |
| 010 ## - LIBRARY OF CONGRESS CONTROL NUMBER | |
| LC control number | 2008017453 |
| 020 ## - INTERNATIONAL STANDARD BOOK NUMBER | |
| International Standard Book Number | 9780060834883 |
| 020 ## - INTERNATIONAL STANDARD BOOK NUMBER | |
| International Standard Book Number | 0060834889 |
| 035 ## - SYSTEM CONTROL NUMBER | |
| System control number | (OCoLC)225852440 |
| 035 ## - SYSTEM CONTROL NUMBER | |
| System control number | (OCoLC)ocn225852440 |
| 040 ## - CATALOGING SOURCE | |
| Original cataloging agency | DLC |
| Transcribing agency | DLC |
| Modifying agency | BAKER |
| -- | YDXCP |
| -- | C#P |
| -- | BWK |
| -- | BWX |
| -- | VP@ |
| -- | DLC |
| 043 ## - GEOGRAPHIC AREA CODE | |
| Geographic area code | e-uk--- |
| -- | f-rh--- |
| 050 00 - LIBRARY OF CONGRESS CALL NUMBER | |
| Classification number | PR6023.E833 |
| Item number | A78 2008 |
| 082 00 - DEWEY DECIMAL CLASSIFICATION NUMBER | |
| Classification number | 823.914 LES |
| Edition number | 22 |
| 100 1# - MAIN ENTRY--PERSONAL NAME | |
| Personal name | Lessing, Doris, |
| Dates associated with a name | 1919-2013. |
| 245 10 - TITLE STATEMENT | |
| Title | Alfred and Emily / |
| Statement of responsibility, etc. | Doris Lessing. |
| 250 ## - EDITION STATEMENT | |
| Edition statement | 1st U.S. ed. |
| 260 ## - PUBLICATION, DISTRIBUTION, ETC. | |
| Place of publication, distribution, etc. | New York : |
| Name of publisher, distributor, etc. | Harper, |
| Date of publication, distribution, etc. | c2008. |
| 300 ## - PHYSICAL DESCRIPTION | |
| Extent | viii, 274 p. : |
| Other physical details | ill. ; |
| Dimensions | 22 cm. |
| 600 10 - SUBJECT ADDED ENTRY--PERSONAL NAME | |
| Personal name | Lessing, Doris, |
| Dates associated with a name | 1919-2013 |
| General subdivision | Family |
| Form subdivision | Fiction. |
| 600 10 - SUBJECT ADDED ENTRY--PERSONAL NAME | |
| Personal name | Lessing, Doris, |
| Dates associated with a name | 1919-2013 |
| General subdivision | Family |
| Form subdivision | Biography. |
| 650 #0 - SUBJECT ADDED ENTRY--TOPICAL TERM | |
| Topical term or geographic name entry element | World War, 1914-1918 |
| General subdivision | Casualties |
| Form subdivision | Biography. |
| 650 #0 - SUBJECT ADDED ENTRY--TOPICAL TERM | |
| Topical term or geographic name entry element | Amputees |
| Geographic subdivision | Great Britain |
| Form subdivision | Biography. |
| 650 #0 - SUBJECT ADDED ENTRY--TOPICAL TERM | |
| Topical term or geographic name entry element | British |
| Geographic subdivision | Zimbabwe |
| Form subdivision | Biography. |
| 650 #0 - SUBJECT ADDED ENTRY--TOPICAL TERM | |
| Topical term or geographic name entry element | World War, 1914-1918 |
| General subdivision | Social aspects. |
| 650 #0 - SUBJECT ADDED ENTRY--TOPICAL TERM | |
| Topical term or geographic name entry element | World War, 1914-1918 |
| General subdivision | Psychological aspects. |
| 856 42 - ELECTRONIC LOCATION AND ACCESS | |
| Materials specified | Contributor biographical information |
| Uniform Resource Identifier | <a href="http://www.loc.gov/catdir/enhancements/fy0910/2008017453-b.html">http://www.loc.gov/catdir/enhancements/fy0910/2008017453-b.html</a> |
| 856 42 - ELECTRONIC LOCATION AND ACCESS | |
| Materials specified | Publisher description |
| Uniform Resource Identifier | <a href="http://www.loc.gov/catdir/enhancements/fy0910/2008017453-d.html">http://www.loc.gov/catdir/enhancements/fy0910/2008017453-d.html</a> |
| 906 ## - LOCAL DATA ELEMENT F, LDF (RLIN) | |
| a | 7 |
| b | cbc |
| c | orignew |
| d | 1 |
| e | ecip |
| f | 20 |
| g | y-gencatlg |
| 942 ## - ADDED ENTRY ELEMENTS (KOHA) | |
| Source of classification or shelving scheme | |
| Koha item type | Book |
| Withdrawn status | Lost status | Source of classification or shelving scheme | Damaged status | Not for loan | Permanent Location | Current Location | Date acquired | Total Checkouts | Full call number | Barcode | Date last seen | Price effective from | Koha item type |
|---|---|---|---|---|---|---|---|---|---|---|---|---|---|
| School of Civil and Environmental Engineering (SCEE) | School of Civil and Environmental Engineering (SCEE) | 04/12/2017 | 823.914 LES | NIT-8387 | 04/12/2017 | 04/12/2017 | Book | ||||||
| School of Civil and Environmental Engineering (SCEE) | School of Civil and Environmental Engineering (SCEE) | 04/12/2017 | 823.914 LES | NIT-8388 | 04/12/2017 | 04/12/2017 | Book |
